Human Development Report 2006 (Record no. 2856)

MARC details
000 -LEADER
fixed length control field 00312nam a22001337a 4500
008 - FIXED-LENGTH DATA ELEMENTS--GENERAL INFORMATION
fixed length control field 230627b xxu||||| |||| 00| 0 eng d
020 ## - INTERNATIONAL STANDARD BOOK NUMBER
International Standard Book Number 0230500587
082 ## - DEWEY DECIMAL CLASSIFICATION NUMBER
Classification number 333.91
Item number UNDP
100 ## - MAIN ENTRY--PERSONAL NAME
Titles and words associated with a name UNDP
245 ## - TITLE STATEMENT
Title Human Development Report 2006
Remainder of title Beyond Scarcity
260 ## - PUBLICATION, DISTRIBUTION, ETC. (IMPRINT)
Date of publication, distribution, etc. 2006
300 ## - PHYSICAL DESCRIPTION
Extent 422p
942 ## - ADDED ENTRY ELEMENTS (KOHA)
Source of classification or shelving scheme Dewey Decimal Classification
Koha item type Books
Holdings
Withdrawn status Lost status Source of classification or shelving scheme Damaged status Not for loan Home library Current library Date acquired Total Checkouts Full call number Barcode Date last seen Price effective from Koha item type
    Dewey Decimal Classification     County Hall Archives County Hall Archives 06/27/2023   333.91 UNDP 10010542 06/27/2023 06/27/2023 Books
    Dewey Decimal Classification     County Hall Archives County Hall Archives 06/27/2023   333.91 UNDP 10011303 06/27/2023 06/27/2023 Books
LIBRARY OPENING HOURS

When the Parliament is sitting: 8.00a.m - 7.00p.m or until the house adjourns
Mondays and Fridays and when the House is on Recess:  8.00a.m - 5.00p.m
Closed on Weekends and Public Holidays

Online Public Access Catalog (OPAC)
Website: http://www.parliament.go.ke
Bunge Library: https://libraryir.parliament.go.ke
Contact: library@parliament.go.ke | Tel no: (254-2)2221291 or 2848000 Ext 5043